[Event "1st Bangalore GM-Open-A 2024"]
[Site "Bangalore"]
[Date "2024.01.26"]
[Round "10.24"]
[White "Thilakarathne, G M H"]
[Black "Sathvik Adiga"]
[Result "0-1"]
[WhiteElo "2391"]
[BlackElo "2142"]
[Annotator "RC"]
[PlyCount "88"]
[EventDate "2024.01.20"]
[EventType "swiss"]
[EventCountry "IND"]
[SourceTitle "playchess.com"]
[Source "ChessBase"]
[SourceQuality "1"]

1. e4 e5 2. Nf3 Nc6 3. Bb5 a6 4. Bxc6 dxc6 5. Nc3 f6 6. d4 exd4 7. Qxd4 Qxd4 8. Nxd4 c5 9. Nde2 c6 10. Be3 b5 11. a4 b4 12. Nb1 f5 13. e5 Nh6 14. Bxh6 gxh6 15. Nd2 Be6 16. Nf4 Bd5 17. b3 Rg8 18. O-O-O Rg4 19. Nxd5 cxd5 20. g3 Rd8 21. f3 Rg6 22. f4 Kf7 23. Nc4 Be7 24. Ne3 Ke6 25. g4 Rxg4 26. Nxg4 fxg4 27. Rd3 Rf8 28. h3 Rxf4 29. hxg4 Bg5 30. Kd1 Rxg4 31. Rf3 Rg2 32. Rd3 c4 33. bxc4 dxc4 34. Rd6+ Kxe5 35. Rd7 b3 36. cxb3 c3 37. Re1+ Kf6 38. Rd6+ Kf7 39. Rd7+ Kf8 40. Rc7 Rd2+ 41. Kc1 Rd7+ 42. Kc2 Rxc7 43. Re6 a5 44. Re5 Rf7 0-1

[Event "1st Bangalore GM-Open-A 2024"]
[Site "Bangalore"]
[Date "2024.01.26"]
[Round "10.25"]
[White "Subhayan Kundu"]
[Black "Aakash Sharadchandra, Dalvi"]
[Result "1-0"]
[WhiteElo "2385"]
[BlackElo "2180"]
[Annotator "RC"]
[PlyCount "75"]
[EventDate "2024.01.20"]
[EventType "swiss"]
[EventCountry "IND"]
[SourceTitle "playchess.com"]
[Source "ChessBase"]
[SourceQuality "1"]

1. e4 c5 2. Nf3 Nc6 3. d4 cxd4 4. Nxd4 e5 5. Nb5 d6 6. c4 g6 7. N1c3 a6 8. Na3 Bg7 9. Nc2 Be6 10. Be3 Nf6 11. f3 O-O 12. Qd2 Rc8 13. b3 Nh5 14. Rd1 Qa5 15. Na4 b5 16. Qxa5 Nxa5 17. Nb6 Rc7 18. Na3 Rb8 19. cxb5 axb5 20. Bxb5 Nf4 21. O-O Nxb3 22. axb3 Rc3 23. Bxf4 exf4 24. Nbc4 Rxb3 25. Bc6 Rc3 26. Bd5 Bxd5 27. Rxd5 Ra8 28. Rfd1 Raxa3 29. Nxa3 Rxa3 30. Rxd6 Bf8 31. Rc6 Ra2 32. Rd7 Ra1+ 33. Kf2 Ra2+ 34. Kf1 Ra1+ 35. Ke2 Rg1 36. Kf2 Ra1 37. Rc8 Kg7 38. Rcc7 1-0

[Event "1st Bangalore GM-Open-A 2024"]
[Site "Bangalore"]
[Date "2024.01.26"]
[Round "10.26"]
[White "Daaevik Wadhawan"]
[Black "Tologon tegin, Semetei"]
[Result "1-0"]
[WhiteElo "1997"]
[BlackElo "2384"]
[Annotator "RC"]
[PlyCount "81"]
[EventDate "2024.01.20"]
[EventType "swiss"]
[EventCountry "IND"]
[SourceTitle "playchess.com"]
[Source "ChessBase"]
[SourceQuality "1"]

1. c4 c5 2. Nf3 Nc6 3. g3 g6 4. Bg2 Bg7 5. Nc3 e5 6. a3 Nge7 7. O-O O-O 8. d3 d6 9. Rb1 a5 10. Bg5 f6 11. Bd2 Be6 12. Ne1 Rb8 13. Nc2 Qd7 14. Ne3 Bh3 15. Ned5 Bxg2 16. Kxg2 Nxd5 17. cxd5 Ne7 18. b4 axb4 19. axb4 b6 20. b5 Ra8 21. Ra1 Qb7 22. Qb3 h6 23. Qc4 Rxa1 24. Rxa1 Rb8 25. Ra6 f5 26. e4 Kh7 27. Na4 Nc8 28. Nb2 Qd7 29. Qa4 Qb7 30. Nc4 fxe4 31. dxe4 Bf6 32. Nxd6 Qd7 33. Nxc8 Qxc8 34. Ra7+ Bg7 35. Qa1 Qe8 36. Bf4 Kg8 37. Rxg7+ Kxg7 38. Qxe5+ Kf7 39. Qc7+ Kf6 40. e5+ Kf5 41. e6 1-0

[Event "1st Bangalore GM-Open-A 2024"]
[Site "Bangalore"]
[Date "2024.01.26"]
[Round "10.27"]
[White "Aarav Sinha"]
[Black "Ayush Sharma"]
[Result "0-1"]
[WhiteElo "1981"]
[BlackElo "2378"]
[Annotator "TA"]
[PlyCount "74"]
[EventDate "2024.01.20"]
[EventType "swiss"]
[EventCountry "IND"]
[SourceTitle "playchess.com"]
[Source "ChessBase"]
[SourceQuality "1"]

1. e4 e5 2. Nf3 Nc6 3. Bc4 Bc5 4. c3 Nf6 5. d3 O-O 6. O-O d6 7. Bb3 Be6 8. Bc2 d5 9. Nbd2 a6 10. exd5 Nxd5 11. Re1 Bg4 12. h3 Bh5 13. d4 exd4 14. Nb3 Bb6 15. Nbxd4 Nxd4 16. cxd4 c6 17. Qd3 Bg6 18. Qb3 Bxc2 19. Qxc2 Qd6 20. Bd2 Qg6 21. Qxg6 hxg6 22. Re4 Rfd8 23. Rae1 f6 24. Kf1 Kf7 25. h4 a5 26. a3 a4 27. g4 Bc7 28. R4e2 Ra6 29. Re4 Bd6 30. R4e2 Rh8 31. Bc1 Rb6 32. Nd2 Bc7 33. Nf3 Rb3 34. Kg2 Bf4 35. Rc2 Bxc1 36. Rexc1 g5 37. Nd2 Nf4+ 0-1

[Event "1st Bangalore GM-Open-A 2024"]
[Site "Bangalore"]
[Date "2024.01.26"]
[Round "10.28"]
[White "Kumar, Gaurav"]
[Black "Aswath, S."]
[Result "0-1"]
[WhiteElo "1953"]
[BlackElo "2369"]
[Annotator "RC"]
[PlyCount "75"]
[EventDate "2024.01.20"]
[EventType "swiss"]
[EventCountry "IND"]
[SourceTitle "playchess.com"]
[Source "ChessBase"]
[SourceQuality "1"]

1. c4 e6 2. Nf3 d5 3. g3 Nf6 4. b3 d4 5. Bg2 Nc6 6. O-O e5 7. d3 a5 8. e3 Be7 9. exd4 exd4 10. Na3 O-O 11. Nb5 h6 12. Bb2 Bc5 13. a3 Bg4 14. h3 Bh5 15. g4 Bg6 16. Qd2 Qd7 17. Qf4 Rad8 18. Rad1 Bb6 19. Qg3 Rfe8 20. Bc1 Re7 21. Bf4 Rde8 22. Rfe1 Rxe1+ 23. Nxe1 Re7 24. Nf3 Bh7 25. Qh4 Ne8 26. g5 hxg5 27. Nxg5 Bf5 28. Ne4 Ne5 29. Qg3 Ng6 30. Bg5 Re5 31. h4 f6 32. Bc1 c6 33. h5 Bg4 34. Re1 Bxh5 35. Bh3 Qd8 36. f4 Re7 37. Nbd6 Nxd6 38. Bf5 0-1

[Event "1st Bangalore GM-Open-A 2024"]
[Site "Bangalore"]
[Date "2024.01.26"]
[Round "10.29"]
[White "Moksh Amit Doshi"]
[Black "Sriram Adarsh Uppala"]
[Result "1/2-1/2"]
[WhiteElo "2355"]
[BlackElo "1900"]
[Annotator "RC"]
[PlyCount "144"]
[EventDate "2024.01.20"]
[EventType "swiss"]
[EventCountry "IND"]
[SourceTitle "playchess.com"]
[Source "ChessBase"]
[SourceQuality "1"]

1. d4 Nf6 2. c4 e6 3. Nf3 d5 4. g3 dxc4 5. Bg2 c6 6. a4 Bb4+ 7. Bd2 Qe7 8. O-O Nbd7 9. Na3 Bxa3 10. Rxa3 a5 11. Qc2 O-O 12. Qxc4 b6 13. Ne5 Ba6 14. Qxc6 Bxe2 15. Re1 Rfc8 16. Qxa8 Rxa8 17. Bxa8 Ba6 18. Bf3 Nxe5 19. dxe5 Nd5 20. Rc1 Qd7 21. Be1 h6 22. Be4 Bb7 23. Bg2 Ne7 24. Bxb7 Qxb7 25. Rb3 Nd5 26. Rc4 Kh7 27. h4 h5 28. Bd2 Ne7 29. Bg5 Nf5 30. Be3 Qd5 31. Rcc3 Qe4 32. Bxb6 Qxa4 33. Ra3 Qe4 34. Rc1 Qxe5 35. Rca1 Qxb2 36. Ba7 e5 37. R3a2 Qb7 38. Rxa5 f6 39. R5a3 Kg6 40. Be3 Qe4 41. Ba7 Nh6 42. Ra4 Qb7 43. Bc5 Ng4 44. Ra7 Qc8 45. R7a5 Qc6 46. Ba7 Kf5 47. Rf1 Qc3 48. Rfa1 g5 49. R5a3 Qb2 50. R3a2 Qb7 51. f3 Nh6 52. hxg5 Kxg5 53. Be3+ Kg6 54. Bxh6 Kxh6 55. Rf2 Kg6 56. Kg2 Kf5 57. Ra4 Kg5 58. Kh2 Qb6 59. Kg2 Qc6 60. Re4 Qc7 61. Kh2 Qc6 62. Rfe2 f5 63. f4+ Kg4 64. Rxe5 h4 65. gxh4 Qh6 66. R5e3 Qxh4+ 67. Kg2 Kxf4 68. Rf3+ Kg5 69. Re5 Qh7 70. Rd5 Kf6 71. Rdxf5+ Qxf5 72. Rxf5+ Kxf5 1/2-1/2

[Event "1st Bangalore GM-Open-A 2024"]
[Site "Bangalore"]
[Date "2024.01.26"]
[Round "10.30"]
[White "Stany, G.A."]
[Black "Mukund Hemant Agarwal"]
[Result "1-0"]
[WhiteElo "2459"]
[BlackElo "1852"]
[Annotator "RC"]
[PlyCount "119"]
[EventDate "2024.01.20"]
[EventType "swiss"]
[EventCountry "IND"]
[SourceTitle "playchess.com"]
[Source "ChessBase"]
[SourceQuality "1"]

1. e4 c5 2. Nf3 d6 3. d4 cxd4 4. Qxd4 Nc6 5. Qe3 g6 6. Be2 Bg7 7. O-O Nf6 8. h3 O-O 9. Rd1 Nd7 10. Nc3 Qb6 11. Qf4 Nde5 12. Nd5 Qd8 13. c3 Nxf3+ 14. Qxf3 Be6 15. Qg3 Rc8 16. Qh4 Bxd5 17. exd5 Ne5 18. Be3 Qc7 19. c4 Bf6 20. Qe4 Nd7 21. Rab1 a5 22. b3 Ra8 23. a3 Nc5 24. Qc2 Rfc8 25. f4 Bg7 26. g4 Qd7 27. a4 Re8 28. Bf3 Qc7 29. Re1 e5 30. dxe6 Rxe6 31. Bd5 Re7 32. Bf2 Rae8 33. Rxe7 Rxe7 34. f5 g5 35. h4 h6 36. hxg5 hxg5 37. f6 Bxf6 38. Qg6+ Bg7 39. Bd4 Ne6 40. Bxe6 fxe6 41. Bxg7 Rxg7 42. Qe8+ Kh7 43. Qh5+ Kg8 44. Qe8+ Kh7 45. Qxe6 Rf7 46. Rb2 Qc5+ 47. Kg2 Kg7 48. Rd2 Rf6 49. Qe7+ Rf7 50. Qe6 Rf6 51. Qe2 Qb6 52. Rd5 Qxb3 53. Rxg5+ Kf7 54. Rb5 Qxa4 55. g5 Rg6 56. Rxb7+ Kg8 57. Rb8+ Kh7 58. Qh5+ Kg7 59. Qh8+ Kf7 60. Qh7+ 1-0

[Event "1st Bangalore GM-Open-A 2024"]
[Site "Bangalore"]
[Date "2024.01.26"]
[Round "10.31"]
[White "Vishnu Prasanna. V"]
[Black "Aquino, Jethro Dino"]
[Result "0-1"]
[WhiteElo "2413"]
[BlackElo "2166"]
[Annotator "TA"]
[PlyCount "72"]
[EventDate "2024.01.20"]
[EventType "swiss"]
[EventCountry "IND"]
[SourceTitle "playchess.com"]
[Source "ChessBase"]
[SourceQuality "1"]

1. d4 Nf6 2. c4 g6 3. Nc3 d5 4. Nf3 Bg7 5. e3 O-O 6. cxd5 Nxd5 7. Bc4 Nxc3 8. bxc3 c5 9. O-O Qc7 10. Qe2 Nc6 11. Bb2 b6 12. Rfd1 Bb7 13. e4 e6 14. Bb5 Rfd8 15. Qe3 a6 16. Be2 cxd4 17. cxd4 b5 18. h4 h6 19. Rac1 Qb6 20. Rc2 Rd7 21. h5 g5 22. Rcd2 Rad8 23. Bf1 Ne7 24. Bd3 Nc6 25. Bc2 Na5 26. Bd3 Nc6 27. e5 g4 28. Nh2 Nxe5 29. Be2 f5 30. Rc1 Nf7 31. Nf1 Bxd4 32. Bxd4 Rxd4 33. Rxd4 Rxd4 34. Rd1 e5 35. Rc1 f4 36. Qb3 g3 0-1

[Event "1st Bangalore GM-Open-A 2024"]
[Site "Bangalore"]
[Date "2024.01.26"]
[Round "10.32"]
[White "Thejkumar, M. S."]
[Black "Alekhya Mukhopadhyay"]
[Result "1/2-1/2"]
[WhiteElo "2372"]
[BlackElo "2184"]
[Annotator "RC"]
[PlyCount "107"]
[EventDate "2024.01.20"]
[EventType "swiss"]
[EventCountry "IND"]
[SourceTitle "playchess.com"]
[Source "ChessBase"]
[SourceQuality "1"]

1. d4 Nf6 2. Nf3 g6 3. Bg5 Bg7 4. c3 d6 5. Nbd2 h6 6. Bh4 g5 7. Bg3 Nh5 8. e4 e6 9. Ng1 Nxg3 10. hxg3 Nc6 11. Bd3 Bd7 12. Ne2 e5 13. d5 Ne7 14. c4 a5 15. Nc3 g4 16. Qe2 h5 17. O-O-O Ng6 18. Bc2 a4 19. a3 Qg5 20. Kb1 b6 21. Nf1 f6 22. Ne3 Kf7 23. Rdf1 h4 24. Nf5 hxg3 25. fxg3 Rxh1 26. Rxh1 Rh8 27. Rxh8 Bxh8 28. Ne3 Bg7 29. Bxa4 Bc8 30. Bc2 Bh6 31. Ncd1 Ne7 32. Ka2 Bd7 33. Qf2 Qh5 34. Nc3 Qh1 35. Nf5 Nxf5 36. exf5 Qc1 37. Bd3 Be3 38. Qc2 Qe1 39. Qd1 Qxg3 40. Qh1 Bg5 41. Qh7+ Ke8 42. Qg8+ Ke7 43. Qg7+ Ke8 44. Bc2 Qxg2 45. Qg8+ Ke7 46. Qg7+ Ke8 47. Ba4 Bxa4 48. Nxa4 Qc2 49. Nc3 Bc1 50. Qg8+ Kd7 51. Qe6+ Kd8 52. Qg8+ Kd7 53. Qe6+ Kd8 54. Qg8+ 1/2-1/2

[Event "1st Bangalore GM-Open-A 2024"]
[Site "Bangalore"]
[Date "2024.01.26"]
[Round "10.33"]
[White "Sangma, Rahul"]
[Black "Manish Anto Cristiano F"]
[Result "0-1"]
[WhiteElo "2182"]
[BlackElo "2349"]
[Annotator "TA"]
[PlyCount "56"]
[EventDate "2024.01.20"]
[EventType "swiss"]
[EventCountry "IND"]
[SourceTitle "playchess.com"]
[Source "ChessBase"]
[SourceQuality "1"]

1. e4 c5 2. Nf3 d6 3. d4 cxd4 4. Nxd4 Nf6 5. f3 e5 6. Nb3 a5 7. a4 Nc6 8. Nc3 Be7 9. Bc4 O-O 10. Be3 Nb4 11. O-O Qc7 12. Qe2 Bd7 13. Rfc1 Rfc8 14. Nd2 Qd8 15. Bb3 Be6 16. Nc4 Ra6 17. Nb5 Rac6 18. Nba3 Nd7 19. Rd1 d5 20. exd5 Nxd5 21. Nxe5 Nxe5 22. c4 Nxe3 23. Rxd8+ Rxd8 24. Kh1 Bc5 25. Nc2 Rd3 26. Nxe3 Rxe3 27. Qc2 Nd3 28. Rd1 Bf5 0-1

[Event "1st Bangalore GM-Open-A 2024"]
[Site "Bangalore"]
[Date "2024.01.26"]
[Round "10.34"]
[White "Nguyen, Duc Hoa"]
[Black "Rajarishi Karthi"]
[Result "1-0"]
[WhiteElo "2322"]
[BlackElo "2183"]
[Annotator "RC"]
[PlyCount "45"]
[EventDate "2024.01.20"]
[EventType "swiss"]
[EventCountry "IND"]
[SourceTitle "playchess.com"]
[Source "ChessBase"]
[SourceQuality "1"]

1. e4 e6 2. Qe2 c5 3. g3 Nc6 4. Bg2 b6 5. Nf3 Bb7 6. O-O d6 7. Rd1 Be7 8. d4 cxd4 9. Nxd4 Nxd4 10. Rxd4 Qc7 11. Nc3 a6 12. Be3 Rc8 13. Rb4 b5 14. a4 d5 15. Rb3 b4 16. exd5 bxc3 17. d6 cxb2 18. Rxb2 Bxd6 19. Rxb7 Qa5 20. Qd3 Qd8 21. Qxa6 Bc7 22. Qb5+ Kf8 23. a5 1-0

[Event "1st Bangalore GM-Open-A 2024"]
[Site "Bangalore"]
[Date "2024.01.26"]
[Round "10.35"]
[White "John Veny Akkarakaran"]
[Black "Saptarshi, Roy"]
[Result "1/2-1/2"]
[WhiteElo "2112"]
[BlackElo "2322"]
[Annotator "RC"]
[PlyCount "102"]
[EventDate "2024.01.20"]
[EventType "swiss"]
[EventCountry "IND"]
[SourceTitle "playchess.com"]
[Source "ChessBase"]
[SourceQuality "1"]

1. e4 e5 2. Nf3 Nc6 3. Bb5 a6 4. Ba4 Nge7 5. Nc3 Ng6 6. O-O Bc5 7. Nd5 b5 8. Bb3 d6 9. c3 h6 10. d3 O-O 11. Re1 Ba7 12. a4 Be6 13. Be3 Bxe3 14. Nxe3 Nf4 15. d4 exd4 16. cxd4 Nb4 17. Bxe6 fxe6 18. Ra3 c5 19. Nc2 Nxc2 20. Qxc2 c4 21. Rae3 Nd3 22. Rf1 Qb6 23. axb5 axb5 24. b3 d5 25. Rxd3 cxd3 26. Qxd3 Qc6 27. exd5 Qxd5 28. h3 Ra3 29. Rb1 Qf5 30. Qxf5 Rxf5 31. Kf1 Ra2 32. h4 b4 33. Re1 Rb2 34. Rxe6 Rxb3 35. Rb6 Rb2 36. Kg1 b3 37. Kh2 Rf6 38. Rb7 Kf8 39. Kh3 Ke8 40. Ne5 Rb1 41. Kg3 Ra6 42. d5 b2 43. Nc4 Rc1 44. Nxb2 Rb1 45. Rb4 Kd7 46. Rb7+ Kc8 47. Rb3 Kd8 48. Rb8+ Ke7 49. Rb3 Kd7 50. Rb7+ Kc8 51. Rb3 Kd7 1/2-1/2

[Event "1st Bangalore GM-Open-A 2024"]
[Site "Bangalore"]
[Date "2024.01.26"]
[Round "10.36"]
[White "Mohamed Anees M"]
[Black "Matta, Vinay Kumar"]
[Result "0-1"]
[WhiteElo "2319"]
[BlackElo "2132"]
[Annotator "RC"]
[PlyCount "188"]
[EventDate "2024.01.20"]
[EventType "swiss"]
[EventCountry "IND"]
[SourceTitle "playchess.com"]
[Source "ChessBase"]
[SourceQuality "1"]

1. e4 e5 2. Nf3 Nc6 3. Bb5 a6 4. Ba4 Nf6 5. O-O Be7 6. Re1 b5 7. Bb3 d6 8. c3 Na5 9. Bc2 c5 10. d4 Qc7 11. d5 Rb8 12. b3 h6 13. Nbd2 Nh7 14. Nf1 Bg5 15. Nxg5 hxg5 16. Qh5 Qe7 17. Re3 g6 18. Qh6 Qf8 19. Qxf8+ Rxf8 20. h3 Bd7 21. Nh2 f6 22. Bd2 Nb7 23. Ree1 Kd8 24. f3 Kc7 25. Nf1 Rf7 26. Ne3 f5 27. exf5 gxf5 28. c4 b4 29. g4 f4 30. Nd1 Nf6 31. Nf2 a5 32. a3 Rff8 33. Kg2 Rh8 34. Rh1 Rbg8 35. Kf1 Be8 36. Ke2 Bg6 37. Bd3 Rh7 38. Rh2 Bxd3+ 39. Kxd3 Rgh8 40. Rah1 Nd8 41. Be1 Nf7 42. Ne4 Nxe4 43. Kxe4 Kd7 44. axb4 axb4 45. Bf2 Ke7 46. Kf5 Nh6+ 47. Ke4 Kf6 48. h4 Nf7 49. Kd3 Kg7 50. Rh3 Ra8 51. Ke4 Ra2 52. Be1 Kg6 53. h5+ Kf6 54. R3h2 Ra3 55. Rb2 Nd8 56. Bd2 Rha7 57. Kd3 Ra1 58. Rc1 Rxc1 59. Bxc1 Ra1 60. Rc2 Rb1 61. Bb2 Rf1 62. Ke2 Rh1 63. Kd3 Nf7 64. Re2 Nh6 65. Rf2 Rh3 66. Kc2 Kf7 67. Rf1 Rh2+ 68. Kc1 e4 69. fxe4 Nxg4 70. Rg1 f3 71. Rf1 Nf2 72. Kd2 Nh3+ 73. Kc1 g4 74. e5 Nf4 75. e6+ Ke7 76. Bg7 Rxh5 77. Kd1 Rh2 78. Ba1 Ra2 79. Bg7 Nh5 80. Bh6 Ra1+ 81. Bc1 Ng3 82. Rf2 Ne2 83. Rh2 Rxc1+ 84. Kd2 Ra1 85. Rh7+ Kf6 86. Rh6+ Kg7 87. e7 Kf7 88. Rxd6 Kxe7 89. Re6+ Kd7 90. Ke3 Nd4 91. Rg6 Re1+ 92. Kf2 Re2+ 93. Kf1 Nf5 94. Rf6 Ng3+ 0-1

[Event "1st Bangalore GM-Open-A 2024"]
[Site "Bangalore"]
[Date "2024.01.26"]
[Round "10.37"]
[White "Daakshin Arun"]
[Black "Manigandan, S S"]
[Result "1-0"]
[WhiteElo "2309"]
[BlackElo "2016"]
[Annotator "RC"]
[PlyCount "87"]
[EventDate "2024.01.20"]
[EventType "swiss"]
[EventCountry "IND"]
[SourceTitle "playchess.com"]
[Source "ChessBase"]
[SourceQuality "1"]

1. d4 Nf6 2. c4 e6 3. Nc3 Bb4 4. e3 O-O 5. Bd2 d5 6. Nf3 b6 7. cxd5 exd5 8. Bd3 Re8 9. O-O Bb7 10. Ne5 Nbd7 11. f4 c5 12. a3 Bxc3 13. Bxc3 a6 14. Qf3 Qe7 15. Qh3 Nf8 16. f5 Rad8 17. Rf3 N8d7 18. Rg3 Kf8 19. Rf1 h6 20. Rf4 Qd6 21. Rh4 Nxe5 22. dxe5 Rxe5 23. Rxg7 d4 24. exd4 Kxg7 25. dxe5 Qxd3 26. exf6+ Kg8 27. Rg4+ Kf8 28. Qxh6+ Ke8 29. Rg8+ Kd7 30. Rxd8+ Kxd8 31. Qf8+ Kc7 32. Be5+ Kc6 33. Qe8+ Kd5 34. Qd7+ Kc4 35. Qxd3+ Kxd3 36. g4 Ke4 37. Bc7 Bc8 38. Kf2 b5 39. h4 a5 40. h5 Bxf5 41. gxf5 Kxf5 42. Bxa5 Kxf6 43. h6 Kg6 44. Bd2 1-0

[Event "1st Bangalore GM-Open-A 2024"]
[Site "Bangalore"]
[Date "2024.01.26"]
[Round "10.38"]
[White "Nguyen Thanh Thuy Tien"]
[Black "Omidi, Arya"]
[Result "0-1"]
[WhiteElo "2118"]
[BlackElo "2301"]
[Annotator "RC"]
[PlyCount "64"]
[EventDate "2024.01.20"]
[EventType "swiss"]
[EventCountry "IND"]
[SourceTitle "playchess.com"]
[Source "ChessBase"]
[SourceQuality "1"]

1. e4 g6 2. d4 Bg7 3. Nc3 d6 4. f4 a6 5. Nf3 b5 6. Bd3 Nd7 7. a4 b4 8. Ne2 c5 9. c3 cxd4 10. cxd4 Ngf6 11. Qb3 Bb7 12. Ng5 O-O 13. f5 gxf5 14. exf5 Qa5 15. Nf4 Qb6 16. Be3 Ng4 17. a5 Qa7 18. Bc4 Nde5 19. Be2 Nxe3 20. Qxe3 Nc6 21. Qh3 h6 22. f6 exf6 23. Nge6 fxe6 24. Qxe6+ Rf7 25. Bc4 Raf8 26. Ng6 Nxd4 27. Qxd6 Nc2+ 28. Kd2 Qf2+ 29. Kc1 Nxa1 30. Ne7+ Kh7 31. Qd3+ f5 32. Rf1 Qxb2+ 0-1

[Event "1st Bangalore GM-Open-A 2024"]
[Site "Bangalore"]
[Date "2024.01.26"]
[Round "10.39"]
[White "Vrashank Chouhan"]
[Black "Teterev, Vitaly"]
[Result "1-0"]
[WhiteElo "2046"]
[BlackElo "2288"]
[Annotator "TA"]
[PlyCount "49"]
[EventDate "2024.01.20"]
[EventType "swiss"]
[EventCountry "IND"]
[SourceTitle "playchess.com"]
[Source "ChessBase"]
[SourceQuality "1"]

1. d4 Nf6 2. c4 d6 3. Nc3 e5 4. Nf3 Nbd7 5. g3 g6 6. Bg2 Bg7 7. O-O O-O 8. e4 c6 9. Re1 Qb6 10. h3 Qb4 11. Bf1 a5 12. Na4 d5 13. c5 b5 14. a3 Qxe1 15. Nxe1 bxa4 16. Qxa4 Bb7 17. exd5 Nxd5 18. Bg2 Nb8 19. dxe5 Bxe5 20. Bh6 Rd8 21. Nd3 Bf6 22. Re1 Na6 23. Qb3 Bc8 24. Bxd5 cxd5 25. Qb6 1-0

[Event "1st Bangalore GM-Open-A 2024"]
[Site "Bangalore"]
[Date "2024.01.26"]
[Round "10.40"]
[White "Majumder Shrayan"]
[Black "Srihari L"]
[Result "1-0"]
[WhiteElo "1916"]
[BlackElo "2288"]
[Annotator "RC"]
[PlyCount "88"]
[EventDate "2024.01.20"]
[EventType "swiss"]
[EventCountry "IND"]
[SourceTitle "playchess.com"]
[Source "ChessBase"]
[SourceQuality "1"]

1. d4 Nf6 2. c4 e6 3. Nc3 Bb4 4. Qc2 O-O 5. e4 d5 6. e5 Ne4 7. Bd3 c5 8. Nf3 cxd4 9. Nxd4 Nd7 10. Bf4 Qh4 11. g3 Qh5 12. h4 g5 13. Be2 Qg6 14. h5 Qg7 15. h6 Qh8 16. f3 gxf4 17. gxf4 Nxe5 18. fxe4 Ng6 19. O-O-O Bxc3 20. Qxc3 dxe4 21. Qe3 e5 22. fxe5 Qxe5 23. Rh5 f5 24. Kb1 Be6 25. Nxe6 Qxe6 26. c5 Kh8 27. Rd6 Qe5 28. Qb3 Nf4 29. Rh2 Rg8 30. Bc4 Rg1+ 31. Rd1 Rxd1+ 32. Qxd1 e3 33. Qd7 Ng6 34. Qxb7 Rd8 35. a3 Ne7 36. c6 Qe4+ 37. Rc2 Rg8 38. Bd3 Qd5 39. Bc4 Qe4 40. Qd7 f4 41. c7 f3 42. Bxg8 e2 43. c8=Q e1=Q+ 44. Ka2 Qf4 1-0